[Event "Cornwall op"]
[Site "Cornwall CAN"]
[Date "1991.04.06"]
[Round "3"]
[White "Brodie, Hugh"]
[Black "Moshopoulos, Angelos"]
[Result "1/2-1/2"]
[WhiteElo "2030"]
[BlackElo "1935"]
[PlyCount "122"]
[EventDate "1991.04.06"]
[EventType "swiss"]
[EventRounds "5"]
[EventCountry "CAN"]

1. e4 c5 2. Nf3 d6 3. c3 Nf6 4. Bd3 Nc6 5. Bc2 e5 6. d4 Bg4 7. dxc5 dxc5 8. Qe2
Be7 9. O-O O-O 10. Nbd2 a6 11. Rd1 Qc7 12. Nf1 Rad8 13. Bg5 Nh5 14. Bxe7 Qxe7
15. h3 Nf4 16. Qe3 Bc8 17. Ng3 g6 18. Ne2 Ne6 19. Rd5 f6 20. Rad1 b6 21. Qc1
Nc7 22. Rxd8 Rxd8 23. Bb3+ Be6 24. Bxe6+ Nxe6 25. Rd5 Nc7 26. Rxd8+ Qxd8 27.
Qd2 Qe7 28. Ne1 Kf7 29. Nc2 Qd8 30. Qxd8 Nxd8 31. Ne3 Ke6 32. Kf1 b5 33. c4
bxc4 34. Nxc4 Nc6 35. Nc3 Nb5 36. Na4 Nb8 37. Nxc5+ Ke7 38. Ke2 Nd4+ 39. Kd3
Ne6 40. Nxe6 Kxe6 41. Na5 Nd7 42. Kc4 f5 43. f3 fxe4 44. fxe4 Nf6 45. Kd3 Nh5
46. Ke3 Nf4 47. Kf3 Nd3 48. Nc4 Ne1+ 49. Kf2 Nd3+ 50. Ke3 Nf4 51. Kf3 Nd3 52.
g3 Nc1 53. a3 Nb3 54. Ke3 h6 55. Nd2 Nc5 56. b4 Nd7 57. Nc4 g5 58. a4 h5 59.
Kf3 Nb8 60. b5 axb5 61. axb5 Nd7 1/2-1/2

[Event "Cornwall op"]
[Site "Cornwall CAN"]
[Date "1991.04.07"]
[Round "4"]
[White "Brodie, Hugh"]
[Black "Martin, Spencer"]
[Result "1/2-1/2"]
[WhiteElo "2030"]
[BlackElo "1991"]
[PlyCount "63"]
[EventDate "1991.04.06"]
[EventType "swiss"]
[EventRounds "5"]
[EventCountry "CAN"]

1. e4 Nf6 2. Nc3 e5 3. f4 d5 4. fxe5 Nxe4 5. Nf3 Be7 6. d4 Bg4 7. Bd3 Ng5 8.
O-O c6 9. Ne2 Na6 10. c3 Nc7 11. Nxg5 Bxg5 12. Qe1 Ne6 13. Qg3 Bh5 14. Nf4 Nxf4
15. Bxf4 Bxf4 16. Rxf4 Qe7 17. Qxg7 O-O-O 18. Qf6 Qxf6 19. Rxf6 Kd7 20. Rd6+
Ke7 21. Rxd8 Kxd8 22. Rf1 Ke7 23. Rf6 Bg6 24. Bxg6 hxg6 25. h3 Rh4 26. Rf3 Re4
27. Kf2 Ke6 28. g3 b6 29. Rf6+ Ke7 30. Rxc6 Kd7 31. Rd6+ Ke7 32. Rxd5 1/2-1/2

[Event "RA Spring op"]
[Site "Ottawa CAN"]
[Date "1991.03.09"]
[Round "1"]
[White "Brodie, Hugh"]
[Black "Pacey, Kevin"]
[Result "1-0"]
[WhiteElo "2030"]
[BlackElo "2328"]
[PlyCount "49"]
[EventDate "1991.03.09"]
[EventType "swiss"]
[EventRounds "5"]
[EventCountry "CAN"]

1. e4 d6 2. d4 Nf6 3. Nc3 g6 4. f4 Bg7 5. Nf3 O-O 6. Bd3 Na6 7. O-O c5 8. dxc5
Nxc5 9. h3 a6 10. Be3 Qc7 11. e5 dxe5 12. fxe5 Nfd7 13. Nd5 Qd8 14. Bc4 Ne6 15.
Qe2 b5 16. Bb3 Bb7 17. Rad1 Qe8 18. Nb6 Nxb6 19. Bxb6 Qc6 20. Be3 Rfd8 21. Nd4
Qe4 22. Nxe6 fxe6 23. Bxe6+ Kh8 24. Bg4 Bh6 25. Bxh6 1-0

[Event "RA Spring op"]
[Site "Ottawa CAN"]
[Date "1991.03.09"]
[Round "3"]
[White "Duppa, Miroslav"]
[Black "Brodie, Hugh"]
[Result "1-0"]
[WhiteElo "2114"]
[BlackElo "2030"]
[PlyCount "82"]
[EventDate "1991.03.09"]
[EventType "swiss"]
[EventRounds "5"]
[EventCountry "CAN"]

1. e4 c5 2. Nf3 Nc6 3. d4 cxd4 4. Nxd4 g6 5. Nc3 Bg7 6. Be3 Nf6 7. Be2 O-O 8.
O-O d5 9. Nxc6 bxc6 10. e5 Nd7 11. f4 e6 12. Bg4 Ba6 13. Rf3 c5 14. Bd2 Nb6 15.
b3 d4 16. Ne4 Bb7 17. Qe2 Bxe4 18. Qxe4 Nd5 19. Rh3 Rc8 20. Rf1 Ne7 21. Bf3 Nf5
22. g4 Ne3 23. Rf2 c4 24. Be2 Qd5 25. Qxd5 exd5 26. Bxe3 dxe3 27. Rxe3 d4 28.
Re4 cxb3 29. cxb3 Rc2 30. Rxd4 Rxa2 31. Rd7 a5 32. Bc4 Rxf2 33. Kxf2 g5 34. Kf3
gxf4 35. Kxf4 Bh6+ 36. g5 Bg7 37. h4 Ra8 38. Rxf7 Rf8 39. Rf5+ Kh8 40. e6 Rxf5+
41. Kxf5 Bf8 1-0

[Event "RA Spring op"]
[Site "Ottawa CAN"]
[Date "1991.03.10"]
[Round "4"]
[White "Brodie, Hugh"]
[Black "Gordon, David"]
[Result "1-0"]
[WhiteElo "2030"]
[BlackElo "1910"]
[PlyCount "69"]
[EventDate "1991.03.09"]
[EventType "swiss"]
[EventRounds "5"]
[EventCountry "CAN"]

1. f4 d5 2. e3 Nf6 3. Nf3 Bf5 4. b3 e6 5. Bb2 Bd6 6. Ne5 Qe7 7. Be2 Nbd7 8. O-O
O-O 9. d3 Rfd8 10. Qe1 Rac8 11. Nd2 Ba3 12. Bxa3 Qxa3 13. Ndf3 Nxe5 14. Nxe5
Qb2 15. Qd2 h6 16. a3 d4 17. e4 Bh7 18. Nc4 Qc3 19. Qxc3 dxc3 20. Ne3 c6 21.
Nd1 Nxe4 22. dxe4 Bxe4 23. Nxc3 Bxc2 24. Bd1 Rd2 25. Ra2 Rxd1 26. Nxd1 Bxb3 27.
Rd2 Bd5 28. Ne3 Kf8 29. Rc1 Ke7 30. Nxd5+ exd5 31. Rxd5 cxd5 32. Rxc8 Kd6 33.
Kf2 a5 34. Ke3 b5 35. Kd4 1-0

[Event "RA Spring op"]
[Site "Ottawa CAN"]
[Date "1991.03.10"]
[Round "5"]
[White "Provencher, Bernard"]
[Black "Brodie, Hugh"]
[Result "1/2-1/2"]
[WhiteElo "2010"]
[BlackElo "2030"]
[PlyCount "82"]
[EventDate "1991.03.09"]
[EventType "swiss"]
[EventRounds "5"]
[EventCountry "CAN"]

1. e4 c5 2. Nf3 Nc6 3. d4 cxd4 4. Nxd4 g6 5. Be3 Bg7 6. Nc3 Nf6 7. f3 O-O 8.
Qd2 d5 9. O-O-O dxe4 10. Nxc6 Qxd2+ 11. Rxd2 bxc6 12. Nxe4 Nd5 13. Bd4 Bh6 14.
Bc4 Nc7 15. Nc5 Rd8 16. Bc3 Nd5 17. Ba5 Nb6 18. Bb3 Be3 19. Re1 Rxd2 20. Rxe3
Rxg2 21. Rxe7 Nd5 22. Re8+ Kg7 23. Bxd5 cxd5 24. Rd8 Rxh2 25. Bc3+ Kh6 26. Bd2+
g5 27. b4 Kh5 28. f4 g4 29. Rxd5+ Kh4 30. f5 g3 31. Rd4+ Kh3 32. Ne4 Rxd2 33.
Ng5+ Kh2 34. Rh4+ Kg1 35. Kxd2 Bxf5 36. Rf4 Bg6 37. Ke3 Re8+ 38. Kf3 g2 39. Rd4
Kh1 40. Rh4+ Kg1 41. Rd4 Kh1 1/2-1/2

[Event "Killington op"]
[Site "Killington USA"]
[Date "1991.??.??"]
[Round "1"]
[White "Patterson, Roger"]
[Black "Brodie, Hugh"]
[Result "1/2-1/2"]
[WhiteElo "2215"]
[BlackElo "2030"]
[PlyCount "113"]
[EventDate "1991.??.??"]
[EventType "swiss"]
[EventRounds "5"]
[EventCountry "USA"]

1. Nf3 f5 2. g3 Nf6 3. Bg2 e6 4. O-O d5 5. d3 Bd6 6. Nc3 c6 7. e4 e5 8. exd5
cxd5 9. Nxe5 Bxe5 10. Re1 Ne4 11. dxe4 dxe4 12. Bxe4 Qxd1 13. Nxd1 fxe4 14.
Rxe4 Nc6 15. Bf4 Bf5 16. Re1 Bxc2 17. Bxe5 Nxe5 18. Rxe5+ Kf7 19. Nc3 Rhe8 20.
Rae1 Rxe5 21. Rxe5 Rd8 22. Rd5 Rxd5 23. Nxd5 Ke6 24. Nc3 Bd3 25. f4 Kd6 26. Kf2
Kc5 27. Ke3 Bc2 28. g4 b5 29. f5 b4 30. Ne4+ Kd5 31. Nd2 Ke5 32. a3 bxa3 33.
Nc4+ Kd5 34. Nxa3 Bd1 35. Kf4 Be2 36. g5 Bd3 37. h4 a5 38. h5 a4 39. h6 gxh6
40. gxh6 Kd6 41. Kg4 Ke5 42. Kg5 Bxf5 43. Nc4+ Ke6 44. Ne3 Bb1 45. Kf4 Kf6 46.
Ng4+ Kg6 47. Ke5 Kg5 48. Nf6 Kxh6 49. Kd4 Kg5 50. Nxh7+ Bxh7 51. Kc3 Bg8 52.
Kc2 Ba2 53. b4 axb3+ 54. Kb2 Kf4 55. Ka1 Ke4 56. Kb2 Kd4 57. Ka1 1/2-1/2

[Event "Killington op"]
[Site "Killington USA"]
[Date "1991.??.??"]
[Round "2"]
[White "Brodie, Hugh"]
[Black "Felber, Joseph"]
[Result "1/2-1/2"]
[WhiteElo "2030"]
[BlackElo "2115"]
[PlyCount "82"]
[EventDate "1991.??.??"]
[EventType "swiss"]
[EventRounds "5"]
[EventCountry "USA"]

1. f4 Nf6 2. Nf3 g6 3. e3 c5 4. d4 Bg7 5. Bd3 Nc6 6. c3 cxd4 7. exd4 d6 8. O-O
O-O 9. Bc2 Be6 10. Nbd2 Rc8 11. Ng5 Bg4 12. Ndf3 h6 13. Ne4 Nd5 14. Bb3 Qa5 15.
Nf2 Nf6 16. Nxg4 Nxg4 17. Qd3 Kh7 18. Ng5+ hxg5 19. Qh3+ Kg8 20. Qxg4 e6 21.
fxg5 Qb5 22. Be3 d5 23. Rf3 Na5 24. Raf1 Qe2 25. Bc1 Nc4 26. Bd1 Qe4 27. Qxe4
dxe4 28. Rf4 Nd6 29. Bb3 b5 30. Rg4 b4 31. Bf4 Nc4 32. Bxc4 Rxc4 33. Bd6 Rfc8
34. Bxb4 Bxd4+ 35. Kh1 Bb6 36. b3 Rxb4 37. cxb4 e3 38. h4 Rc2 39. Re4 Rxa2 40.
Re1 Rb2 41. R4xe3 Bxe3 1/2-1/2

[Event "Killington op"]
[Site "Killington USA"]
[Date "1991.??.??"]
[Round "3"]
[White "Brodie, Hugh"]
[Black "Wang, Frank"]
[Result "0-1"]
[WhiteElo "2030"]
[BlackElo "2310"]
[PlyCount "153"]
[EventDate "1991.??.??"]
[EventType "swiss"]
[EventRounds "5"]
[EventCountry "USA"]

1. e4 e6 2. d3 d5 3. Nd2 c5 4. Ngf3 Nc6 5. g3 Nf6 6. Bg2 Qc7 7. O-O b6 8. Re1
Bb7 9. exd5 Nxd5 10. Nc4 Be7 11. Ne3 O-O 12. Nxd5 exd5 13. Bf4 Bd6 14. Bxd6
Qxd6 15. d4 Rad8 16. c3 Rfe8 17. Qd2 h6 18. Re3 Rxe3 19. Qxe3 Bc8 20. Re1 Be6
21. Kf1 a5 22. Ne5 cxd4 23. cxd4 Nxe5 24. Qxe5 Qb4 25. Re2 Qc4 26. b3 Qd3 27.
Qe3 Qb1+ 28. Re1 Qxa2 29. Rc1 Qa3 30. Rc6 Qb4 31. Qc3 Qxc3 32. Rxc3 Rd6 33. Ke1
Kf8 34. Bf1 Bd7 35. Kd2 Ke8 36. Be2 Kd8 37. b4 axb4 38. Rb3 Kc7 39. Rxb4 Rf6
40. Ke3 Rc6 41. Kd2 Rf6 42. Ke3 b5 43. Rb1 Kb6 44. f4 Re6+ 45. Kf2 Re4 46. Rd1
Re8 47. Bf3 Bc6 48. Rd2 Kc7 49. Rc2 Kd6 50. Rb2 Bd7 51. Be2 Rb8 52. Rb4 Kc6 53.
Ke3 Kb6 54. Bf3 Bc6 55. Kd2 g6 56. Rb1 Ra8 57. Rb2 Ra3 58. Be2 Ka5 59. Bd3 Ra1
60. f5 g5 61. f6 Rh1 62. Ke3 Re1+ 63. Be2 Rc1 64. Bh5 Rf1 65. Bxf7 Rxf6 66. Bh5
Ka4 67. Bd1+ Ka3 68. Rb3+ Ka2 69. Kd2 Bd7 70. Ke3 Rf1 71. Rd3 Bf5 72. Rd2+ Ka3
73. Be2 Re1 74. Kf2 Rb1 75. h4 b4 76. hxg5 hxg5 77. Bf3 0-1

[Event "Killington op"]
[Site "Killington USA"]
[Date "1991.??.??"]
[Round "4"]
[White "Michael, William"]
[Black "Brodie, Hugh"]
[Result "0-1"]
[WhiteElo "1885"]
[BlackElo "2030"]
[PlyCount "32"]
[EventDate "1991.??.??"]
[EventType "swiss"]
[EventRounds "5"]
[EventCountry "USA"]

1. e4 c5 2. Nf3 Nc6 3. d4 cxd4 4. Nxd4 g6 5. Be3 Bg7 6. Nc3 Nf6 7. Be2 O-O 8.
Qd2 d5 9. exd5 Nxd5 10. Nxd5 Nxd4 11. Nxe7+ Qxe7 12. Bxd4 Bxd4 13. Qxd4 Re8 14.
Qd2 Bg4 15. Qe3 Qxe3 16. fxe3 Rxe3 0-1

[Event "Killington op"]
[Site "Killington USA"]
[Date "1991.??.??"]
[Round "5"]
[White "Brodie, Hugh"]
[Black "Sullivan, Robert"]
[Result "1/2-1/2"]
[WhiteElo "2030"]
[BlackElo "2065"]
[PlyCount "35"]
[EventDate "1991.??.??"]
[EventType "swiss"]
[EventRounds "5"]
[EventCountry "USA"]

1. f4 d5 2. e3 Nf6 3. Nf3 c5 4. b3 e6 5. Bb2 Be7 6. Be2 O-O 7. O-O Nbd7 8. Ne5
Ne4 9. Bd3 f5 10. Bxe4 dxe4 11. d3 exd3 12. Nxd3 Bf6 13. Bxf6 Qxf6 14. Nd2 b6
15. Nf3 c4 16. Nde5 Nc5 17. b4 Ne4 18. a4 1/2-1/2

[Event "RA op"]
[Site "Ottawa CAN"]
[Date "1991.??.??"]
[Round "1"]
[White "Barclay, Wayne"]
[Black "Brodie, Hugh"]
[Result "1/2-1/2"]
[WhiteElo "2310"]
[BlackElo "2035"]
[PlyCount "101"]
[EventDate "1991.??.??"]
[EventType "swiss"]
[EventRounds "5"]
[EventCountry "CAN"]

1. d4 e6 2. e4 d5 3. Nc3 Bb4 4. e5 c5 5. Qg4 Ne7 6. dxc5 Nbc6 7. Bd2 Bxc3 8.
Bxc3 Qc7 9. f4 Nf5 10. Bd3 Nce7 11. Bb4 Bd7 12. Qe2 h5 13. Nf3 O-O-O 14. c3 f6
15. O-O-O Nc6 16. Kb1 fxe5 17. fxe5 Rdf8 18. Rhe1 Be8 19. Ba3 h4 20. c4 dxc4
21. Bxc4 Qe7 22. Rd2 Bf7 23. Bb5 Rd8 24. Bxc6 bxc6 25. Red1 Rxd2 26. Rxd2 Bg6
27. Ka1 Re8 28. b3 Kb7 29. Qd1 Kc8 30. Nd4 Nxd4 31. Rxd4 Rf8 32. Qe2 Kb7 33. b4
Qf7 34. Qd1 Qf1 35. Bc1 Qxd1 36. Rxd1 Kc7 37. Be3 Be4 38. Rd2 Rf5 39. a4 Bd5
40. b5 g5 41. Bd4 Bb3 42. b6+ Kb7 43. a5 a6 44. g4 hxg3 45. hxg3 Rf3 46. Bf2
Bd5 47. Kb2 Rb3+ 48. Kc2 Ra3 49. Be1 Ra2+ 50. Kd3 Rxd2+ 51. Kxd2 1/2-1/2

[Event "RA op"]
[Site "Ottawa CAN"]
[Date "1991.??.??"]
[Round "2"]
[White "Brodie, Hugh"]
[Black "Valdizon, Armando"]
[Result "1/2-1/2"]
[WhiteElo "2035"]
[BlackElo "2150"]
[PlyCount "99"]
[EventDate "1991.??.??"]
[EventType "swiss"]
[EventRounds "5"]
[EventCountry "CAN"]

1. f4 Nf6 2. Nf3 g6 3. e3 Bg7 4. d4 O-O 5. Bd3 c5 6. c3 d6 7. O-O Nc6 8. Qe2
Bg4 9. Nbd2 e5 10. dxc5 dxc5 11. Ne4 exf4 12. Nxf6+ Qxf6 13. exf4 Rfe8 14. Qc2
Rad8 15. h3 Bxf3 16. Rxf3 Qd6 17. Be2 c4 18. Be3 Qe6 19. Bf1 b5 20. Re1 f5 21.
Bf2 Qd5 22. Rfe3 Rxe3 23. Rxe3 Bf8 24. Qe2 Kf7 25. b4 Bg7 26. Bh4 Bf6 27. Bxf6
Kxf6 28. Re8 Qd7 29. Rxd8 Qxd8 30. g3 Qe7 31. Kf2 Qxe2+ 32. Kxe2 h6 33. Bg2 Ne7
34. h4 Ke6 35. Ke3 Kd6 36. Kd4 Ng8 37. Bb7 Nf6 38. Bf3 Ng4 39. Bxg4 fxg4 40.
Ke4 Ke6 41. Kd4 Kf5 42. Kd5 h5 43. Kd4 Ke6 44. Kc5 Kf5 45. Kd5 Kf6 46. Kd6 Kf5
47. Kd5 Kf6 48. Kd6 Kf5 49. Kd5 Kf6 50. Kd6 1/2-1/2

[Event "RA op"]
[Site "Ottawa CAN"]
[Date "1991.??.??"]
[Round "3"]
[White "Rodgers, Ron"]
[Black "Brodie, Hugh"]
[Result "0-1"]
[WhiteElo "2200"]
[BlackElo "2035"]
[PlyCount "38"]
[EventDate "1991.??.??"]
[EventType "swiss"]
[EventRounds "5"]
[EventCountry "CAN"]

1. c4 f5 2. d4 e6 3. g3 Nf6 4. Bg2 d5 5. Nc3 c6 6. Nf3 Bd6 7. O-O O-O 8. b3 Qe8
9. Bb2 Ne4 10. Ne5 Nd7 11. f3 Ng5 12. Qd2 Qh5 13. Nxd7 Bxd7 14. e4 fxe4 15.
fxe4 dxc4 16. bxc4 Nh3+ 17. Bxh3 Qxh3 18. e5 Be7 19. d5 Bc5+ 0-1

[Event "RA op"]
[Site "Ottawa CAN"]
[Date "1991.??.??"]
[Round "4"]
[White "Brodie, Hugh"]
[Black "Johnstone, Glenn"]
[Result "0-1"]
[WhiteElo "2035"]
[BlackElo "2340"]
[PlyCount "72"]
[EventDate "1991.??.??"]
[EventType "swiss"]
[EventRounds "5"]
[EventCountry "CAN"]

1. b3 d5 2. Bb2 Nf6 3. e3 c5 4. f4 g6 5. Nf3 Bg7 6. Bb5+ Nc6 7. O-O O-O 8. Bxc6
bxc6 9. Qe1 Ba6 10. d3 c4 11. Ne5 cxd3 12. Nxd3 Rc8 13. Rf3 c5 14. Be5 d4 15.
exd4 cxd4 16. Na3 Bb7 17. Rh3 Qd5 18. Qe2 Ne4 19. Bxg7 Kxg7 20. Nc4 f6 21. Rf1
Nc3 22. Qf3 e5 23. Qg4 h5 24. Rxh5 Qxg2+ 25. Qxg2 Bxg2 26. Kxg2 gxh5 27. fxe5
fxe5 28. Rxf8 Rxf8 29. Ndxe5 Nxa2 30. Nf3 Rd8 31. Ne1 Nb4 32. Nd2 d3 33. cxd3
Nxd3 34. Nef3 Ne1+ 35. Kf2 Nxf3 36. Nxf3 Rd3 0-1

[Event "RA op"]
[Site "Ottawa CAN"]
[Date "1991.??.??"]
[Round "5"]
[White "Brodie, Hugh"]
[Black "Patterson, Roger"]
[Result "1/2-1/2"]
[WhiteElo "2035"]
[BlackElo "2165"]
[PlyCount "33"]
[EventDate "1991.??.??"]
[EventType "swiss"]
[EventRounds "5"]
[EventCountry "CAN"]

1. e4 c5 2. Nf3 d6 3. c3 Nf6 4. Bd3 Nc6 5. Bc2 e5 6. O-O Be7 7. h3 O-O 8. Na3
d5 9. exd5 Nxd5 10. d4 exd4 11. cxd4 Ndb4 12. dxc5 Qxd1 13. Rxd1 Nxc2 14. Nxc2
Bxc5 15. Be3 Bxe3 16. Nxe3 h6 17. Nd4 1/2-1/2

[Event "Eastern Ontario op"]
[Site "Ottawa CAN"]
[Date "1990.09.15"]
[Round "1"]
[White "Brodie, Hugh"]
[Black "Taylor, Gordon"]
[Result "0-1"]
[WhiteElo "2015"]
[BlackElo "2412"]
[PlyCount "141"]
[EventDate "1990.09.15"]
[EventType "swiss"]
[EventRounds "5"]
[EventCountry "CAN"]

1. f4 d5 2. e3 g6 3. d4 Nf6 4. Nf3 Bg7 5. Bd3 Bf5 6. O-O Bxd3 7. Qxd3 Nbd7 8.
Nbd2 O-O 9. c3 c5 10. Ne5 e6 11. Qc2 Rc8 12. Ndf3 Ne4 13. Bd2 f6 14. Nd3 Qc7
15. Nf2 Nd6 16. e4 dxe4 17. Nxe4 cxd4 18. Nxd4 Nc4 19. Kh1 Qb6 20. Nb3 f5 21.
Ng5 e5 22. fxe5 Ndxe5 23. Bf4 Ng4 24. Rae1 Rfe8 25. Qd1 h6 26. Qd5+ Kh8 27.
Rxe8+ Rxe8 28. Nf7+ Kh7 29. Nd4 Nce3 30. Bxe3 Nxe3 31. Qd7 Qxb2 32. Rg1 Ng4 33.
h3 Nf2+ 34. Kh2 Re3 35. Rf1 Rxh3+ 36. gxh3 Ng4+ 37. Kg3 Qh2+ 38. Kf3 Qxh3+ 39.
Ke2 Qe3+ 40. Kd1 Qd3+ 41. Ke1 Qxc3+ 42. Ke2 Qe3+ 43. Kd1 Qd3+ 44. Ke1 Qb1+ 45.
Ke2 Qxa2+ 46. Kd3 Qa3+ 47. Kd2 Qe3+ 48. Kc2 Qxd4 49. Qxd4 Bxd4 50. Kd3 Bc5 51.
Nd8 Ne5+ 52. Ke2 b5 53. Rd1 Be7 54. Ne6 b4 55. Rd5 Bf6 56. Rb5 g5 57. Rxb4 f4
58. Rb7+ Kg6 59. Rxa7 Kf5 60. Nc5 f3+ 61. Kf1 g4 62. Rh7 Kg6 63. Rb7 h5 64. Ne4
h4 65. Rb6 Nd7 66. Rb7 Kf5 67. Nf2 Ne5 68. Rb4 g3 69. Nh3 Ng6 70. Ra4 Be5 71.
Rb4 0-1

[Event "Eastern Ontario op"]
[Site "Ottawa CAN"]
[Date "1990.09.15"]
[Round "2"]
[White "Radonich, Lukas"]
[Black "Brodie, Hugh"]
[Result "0-1"]
[WhiteElo "1710"]
[BlackElo "2015"]
[PlyCount "90"]
[EventDate "1990.09.15"]
[EventType "swiss"]
[EventRounds "5"]
[EventCountry "CAN"]

1. e4 c5 2. Nf3 Nc6 3. Nc3 g6 4. d4 cxd4 5. Nxd4 Bg7 6. Be3 Nf6 7. f3 Qa5 8.
Qd2 d6 9. Bc4 Bd7 10. Nb3 Qc7 11. Nb5 Qc8 12. c3 a6 13. N5d4 Nxd4 14. Nxd4 Qxc4
15. b3 Qc7 16. Rc1 d5 17. O-O dxe4 18. fxe4 O-O 19. Qd3 Ng4 20. g3 Nxe3 21.
Qxe3 Rad8 22. Kg2 Qc5 23. Rfd1 Qh5 24. Qf2 Bg4 25. Re1 e5 26. Nc2 Bh6 27. Ne3
Rd3 28. h4 Rfd8 29. Rc2 Be6 30. c4 Bxe3 31. Rxe3 Rxe3 32. Qxe3 Qd1 33. Rf2 Qg4
34. Re2 Rd1 35. Re1 Rd4 36. Re2 Bd7 37. Qf3 Qxf3+ 38. Kxf3 Bc6 39. g4 Rxe4 40.
Rxe4 f5 41. Ke3 Bxe4 42. g5 Kf7 43. b4 Bc6 44. Kd3 f4 45. Ke2 e4 0-1

[Event "Eastern Ontario op"]
[Site "Ottawa CAN"]
[Date "1990.09.15"]
[Round "3"]
[White "Brodie, Hugh"]
[Black "Basque, Roland"]
[Result "1/2-1/2"]
[WhiteElo "2015"]
[BlackElo "2159"]
[PlyCount "86"]
[EventDate "1990.09.15"]
[EventType "swiss"]
[EventRounds "5"]
[EventCountry "CAN"]

1. f4 d5 2. e3 Bf5 3. Nf3 Nf6 4. b3 e6 5. Bb2 Be7 6. Be2 Nbd7 7. O-O O-O 8. Ne5
h6 9. Bd3 Ne4 10. Be2 f6 11. Nxd7 Qxd7 12. d3 Nd6 13. Bf3 Bg6 14. e4 dxe4 15.
dxe4 Rad8 16. Qe2 Nb5 17. a4 Nd4 18. Qc4 c5 19. Na3 a6 20. a5 Bf7 21. e5 Qc7
22. Bc3 fxe5 23. fxe5 Qxe5 24. Rae1 Qc7 25. Bxd4 Rxd4 26. Qe2 Qxa5 27. Nc4 Qd8
28. Bxb7 a5 29. Be4 Bf6 30. Bd3 Qc7 31. Ne5 Bxe5 32. Qxe5 Qxe5 33. Rxe5 Rd5 34.
Re3 Re8 35. Ra1 Kf8 36. Rxa5 c4 37. Rxd5 exd5 38. Rxe8+ Kxe8 39. bxc4 dxc4 40.
Be4 Ke7 41. Kf2 Kd6 42. Ke3 Kc5 43. c3 Be6 1/2-1/2

[Event "Eastern Ontario op"]
[Site "Ottawa CAN"]
[Date "1990.09.16"]
[Round "4"]
[White "Brodie, Hugh"]
[Black "Danilov, Alex"]
[Result "1/2-1/2"]
[WhiteElo "2015"]
[BlackElo "1766"]
[PlyCount "62"]
[EventDate "1990.09.15"]
[EventType "swiss"]
[EventRounds "5"]
[EventCountry "CAN"]

1. f4 d5 2. e3 Nc6 3. Bb5 Bd7 4. Nf3 g6 5. O-O Bg7 6. d4 Nf6 7. c3 Ne4 8. Nbd2
Nd6 9. Bd3 e6 10. e4 dxe4 11. Nxe4 Nxe4 12. Bxe4 O-O 13. Be3 Ne7 14. Ne5 Nd5
15. Qf3 c6 16. Qe2 Be8 17. Rf2 f6 18. Nd3 Qe7 19. Re1 Bf7 20. Bc1 Rfe8 21. Qf3
Qc7 22. Rfe2 f5 23. Bxd5 exd5 24. Ne5 Bxe5 25. fxe5 Be6 26. Bg5 Qg7 27. Qf4 h5
28. Re3 Kf7 29. Rg3 Rg8 30. Bh4 Qf8 31. Qg5 Ke8 1/2-1/2

[Event "Eastern Ontario op"]
[Site "Ottawa CAN"]
[Date "1990.09.16"]
[Round "5"]
[White "Dougherty, Doug"]
[Black "Brodie, Hugh"]
[Result "0-1"]
[WhiteElo "2174"]
[BlackElo "2015"]
[PlyCount "116"]
[EventDate "1990.09.15"]
[EventType "swiss"]
[EventRounds "5"]
[EventCountry "CAN"]

1. d4 e6 2. Nf3 f5 3. e3 Nf6 4. Bd3 b6 5. O-O Bb7 6. Nbd2 Bd6 7. Re1 Ne4 8.
Bxe4 fxe4 9. Ne5 O-O 10. Qg4 Qf6 11. f4 exf3 12. Ndxf3 Bxe5 13. dxe5 Bxf3 14.
Qxf3 Qxf3 15. gxf3 Rxf3 16. Kg2 Rf7 17. Bd2 Nc6 18. Bc3 Raf8 19. Re2 Rf5 20.
Rd1 Rg5+ 21. Kh1 Rf7 22. Red2 Nb8 23. Rg1 Rxg1+ 24. Kxg1 Kf8 25. Kg2 Ke8 26.
Rd4 Nc6 27. Rg4 Ne7 28. Ra4 Nc6 29. Rh4 h6 30. b3 Rf5 31. Rc4 Kd8 32. h4 Nxe5
33. Ra4 a5 34. e4 Rh5 35. b4 axb4 36. Bxb4 d6 37. Be1 g5 38. hxg5 Rxg5+ 39. Kh3
Rg6 40. Ra8+ Kd7 41. Rh8 Nf3 42. Bh4 Nxh4 43. Kxh4 Rg2 44. Rh7+ Kc6 45. Kh3
Rxc2 46. Rxh6 e5 47. Kg4 Rxa2 48. Kf5 b5 49. Rh1 b4 50. Rc1+ Kb6 51. Ke6 Rd2
52. Kd7 c5 53. Rh1 b3 54. Rh8 Kb5 55. Rb8+ Kc4 56. Kc6 Kc3 57. Kb5 Rd4 58. Ka5
b2 0-1

[Event "Labour Day op"]
[Site "Toronto CAN"]
[Date "1990.09.01"]
[Round "1"]
[White "Boross Harmer, Peter"]
[Black "Brodie, Hugh"]
[Result "0-1"]
[WhiteElo "1847"]
[BlackElo "1978"]
[PlyCount "85"]
[EventDate "1990.09.01"]
[EventType "swiss"]
[EventRounds "6"]
[EventCountry "CAN"]

1. e4 c5 2. Nf3 Nc6 3. c3 d5 4. exd5 Qxd5 5. Na3 Nf6 6. Nb5 Qd8 7. d4 a6 8. Na3
cxd4 9. Nxd4 Bd7 10. Nc4 b5 11. Nxc6 Bxc6 12. Qxd8+ Rxd8 13. Ne5 Bb7 14. a4 b4
15. cxb4 Rd4 16. Be3 Rxb4 17. Nd3 Rb3 18. Nc5 Rxb2 19. Nxb7 Rxb7 20. Bxa6 Rb8
21. Bb5+ Kd8 22. Rd1+ Kc8 23. Ba6+ Kc7 24. Bf4+ e5 25. Bxe5+ Kb6 26. Rb1+ Kxa6
27. Rxb8 Nd7 28. Rb5 Nxe5 29. Rxe5 Bd6 30. Rd5 Re8+ 31. Kd2 Bb4+ 32. Kd3 Be1
33. f4 f6 34. Rf1 Re7 35. Rf3 Bb4 36. Re3 Rc7 37. Re4 Rc3+ 38. Kd4 Rc6 39. Rb5
Rd6+ 40. Kc4 Ba3 41. Re8 Ka7 42. Re7+ Ka6 43. Rxg7 0-1

[Event "Labour Day op"]
[Site "Toronto CAN"]
[Date "1990.09.01"]
[Round "2"]
[White "Brodie, Hugh"]
[Black "Garel, Rick"]
[Result "1/2-1/2"]
[WhiteElo "1978"]
[BlackElo "1869"]
[PlyCount "94"]
[EventDate "1990.09.01"]
[EventType "swiss"]
[EventRounds "6"]
[EventCountry "CAN"]

1. f4 e5 2. fxe5 d6 3. exd6 Bxd6 4. Nf3 g5 5. g3 g4 6. Nh4 Be7 7. Ng2 Nc6 8. c3
Bf5 9. d4 Nf6 10. Bg5 Qd7 11. Ne3 O-O-O 12. Bg2 Ne4 13. Bxe7 Nxe7 14. Nd2 Ng5
15. Qb3 c6 16. Nxf5 Nxf5 17. Nc4 Rhe8 18. O-O f6 19. Na5 Ne3 20. Rxf6 Nxg2 21.
Rd6 Qe7 22. Rxd8+ Rxd8 23. Qxb7+ Qxb7 24. Nxb7 Kxb7 25. Kxg2 Re8 26. Kf1 Ne4
27. Re1 Rf8+ 28. Kg1 Ng5 29. Kg2 Nh3 30. Rf1 Re8 31. Re1 Re3 32. Kf1 h5 33. Kg2
Kc7 34. Kf1 Re8 35. e4 Rf8+ 36. Ke2 Rf2+ 37. Ke3 Rxb2 38. Re2 Rb1 39. e5 Rf1
40. c4 Rf3+ 41. Kd2 Ng5 42. e6 Kd8 43. Re5 Nh7 44. Rxh5 Nf6 45. Ra5 Ke7 46. d5
cxd5 47. cxd5 Nxd5 1/2-1/2

[Event "Labour Day op"]
[Site "Toronto CAN"]
[Date "1990.09.02"]
[Round "3"]
[White "Walker, Trevor"]
[Black "Brodie, Hugh"]
[Result "0-1"]
[WhiteElo "1860"]
[BlackElo "1978"]
[PlyCount "71"]
[EventDate "1990.09.01"]
[EventType "swiss"]
[EventRounds "6"]
[EventCountry "CAN"]

1. e4 c5 2. Nf3 Nc6 3. g3 g6 4. Bg2 Bg7 5. d3 d6 6. O-O e6 7. Nbd2 Nge7 8. Re1
O-O 9. Nf1 Rb8 10. c3 e5 11. h4 d5 12. Qe2 d4 13. c4 f6 14. N3h2 Be6 15. a3 b5
16. b3 bxc4 17. bxc4 Na5 18. Bd2 Nb3 19. Rab1 a5 20. g4 a4 21. Ng3 Qd7 22. h5
Rb7 23. Rb2 Rfb8 24. Reb1 Nxd2 25. Qxd2 Rxb2 26. Rxb2 Rb3 27. Rxb3 axb3 28. Qb2
Qa4 29. Ne2 Nc6 30. Nc1 Na5 31. Bf3 Bh6 32. hxg6 hxg6 33. Bd1 Bxc1 34. Qxc1 b2
35. Qxb2 Qxd1+ 36. Nf1 0-1